00752nam a22002177a 450000500170000000800410001701000140005802000260007203500130009803700130011104000170012408200080014110000210014924501340017025000120030426000850031627000620040130000340046370000200049770000170051720100407103951.0100407t xxu||||| |||| 00| 0 eng d aENG-95981 a9788131727898c699.00 aEN-79514 bDBAD/VEN adplbEnglish a000 aDudeja, Ravi Raj aThe Pearson complete guide to the AIEEE: cby Ravi Raj Dudeja, Dinesh Khattar and K. K. ArorabAll India Engineering Examination/ a3rd ed. aDelhibDorling Kindersley (India) Pvt. Ltd. Licensees of Pearson Educationc2010 a14, Local Shopping Centre, Panchsheel ParkbDelhie110017 aVarious pagingsc28 cm. (pbk) aKhattar, Dinesh aArora, K. K.